Statistics for All clubs with a Europa League title

Click here to take the quiz!

General Stats

  • This quiz has been taken 43 times
  • The average score is 15 of 29

Answer Stats

TitlesAnswer% Correct
7Sevilla
94%
3Juventus
84%
1Manchester United
81%
1Ajax
77%
3Atletico Madrid
74%
3Inter Milan
74%
3Liverpool
74%
2Real Madrid
74%
1Bayern Munich
71%
2Chelsea
65%
2Porto
65%
2Feyenoord
61%
1PSV
58%
1Napoli
55%
2Tottenham
55%
1Valencia
52%
1Galatasaray
48%
2Parma
45%
1CSKA Moscow
42%
2Frankfurt
39%
1RSC Anderlecht
32%
1Schalke 04
32%
1Shakhtar Donetsk
32%
1Villareal
32%
1Zenit St. Petersburg
32%
2Borussia Mönchengladbach
29%
1Ipswich Town
29%
2IFK Göteborg
23%
1Bayer Leverkussen
16%

Score Distribution

Percentile by Number Answered

Percent of People with Each Score

Your Score History

You have not taken this quiz